000 00680nam a2200193Ia 4500
008 151121s9999||||xx |||||||||||||| ||und||
082 _a833/अश्क
082 _bHNW-18292
100 _aअश्क उपेन्द्रनाथ
245 _aये आदमी ये चूहे
260 _b"नीलाभ प्रकाशन गृह, इलाहाबाद"
260 _c--
300 _a170
600 _aअश्क उपेन्द्रनाथ
630 _aये आदमी ये चूहे
700 _aअश्क उपेन्द्रनाथ
730 _aये आदमी ये चूहे
942 _cBOOK
999 _c1220216
_d1220213